[Event "German Championship U18"]
[Site "?"]
[Date "2010.05.25"]
[Round "5.1"]
[White "Jorczik, Julian"]
[Black "Strunski, Andreas"]
[Result "1-0"]
[WhiteElo "2369"]
[BlackElo "2381"]
[PlyCount "61"]
[EventDate "2010.??.??"]

1. d4 d5 2. c4 c6 3. e3 Nf6 4. Bd3 a6 5. Nd2 e6 6. Ngf3 c5 7. b3 Nc6 8. Bb2
cxd4 9. exd4 Be7 10. O-O O-O 11. a3 b6 12. Qe2 Bb7 13. Rfe1 Re8 14. Rad1 Bf8
15. Bb1 a5 16. Ne5 Rc8 17. Ndf3 h6 18. Qd3 a4 19. cxd5 Qxd5 20. Ng4 Be7 21.
bxa4 Kf8 22. Ne3 Qd8 23. d5 exd5 24. Bxf6 Bxf6 25. Qh7 g6 26. Ng4 Bg7 27. Nxh6
Rxe1+ 28. Rxe1 Ne7 29. Ng5 Qc7 30. Qg8+ Nxg8 31. Nh7# 1-0